| Tag |
First Indicator |
Second Indicator |
Subfields |
| LEADER |
00000cam a2200000 4500 |
| 001 |
in00000095070 |
| 005 |
20150927110633.0 |
| 008 |
771001s1945 caubd 00010 eng d |
| 010 |
|
|
|a gs 45000014
|
| 035 |
|
|
|a (OCoLC)03309784
|
| 035 |
|
|
|9 AAL6950AM
|
| 040 |
|
|
|a UUM
|c UUM
|d TXA
|d UtOrBLW
|
| 049 |
|
|
|a TXAM
|c [1161202]
|
| 090 |
|
|
|a TN24.C2
|b A3 no.130
|
| 100 |
1 |
|
|a Dolbear, Samuel Hood,
|d 1886-
|
| 245 |
1 |
0 |
|a Economic mineral resources and production of California. :
|b A survey with reference to postwar employment /
|c by Samuel H. Dolbear ...
|
| 264 |
|
1 |
|a Sacramento :
|b California state printing office,
|c 1945.
|
| 300 |
|
|
|a 219,a56,b146,c23,14p :
|b folded maps, tables(part folded)diagrams(part folded)
|
| 336 |
|
|
|a text
|b txt
|2 rdacontent
|
| 337 |
|
|
|a unmediated
|b n
|2 rdamedia
|
| 338 |
|
|
|a volume
|b nc
|2 rdacarrier
|
| 490 |
1 |
|
|a California. Dept. of natural resources. Divison of mines. Bulletin ;
|v no. 130
|
| 500 |
|
|
|a Folded map in pocket with explanatory text on verso.
|
| 500 |
|
|
|a "Publications of the Divison of mines: p.c5-c23."
|
| 650 |
|
0 |
|a Mines and mineral resources
|z California.
|
| 650 |
|
0 |
|a Mineral industries
|z California.
|
| 830 |
|
0 |
|a Bulletin (California. Division of Mines) ;
|v no. 130.
|
| 999 |
|
|
|a MARS
|
| 999 |
f |
f |
|s 6e080fc0-1418-3dcf-afac-4359cb3ab98c
|i 5580ebcc-7478-33ac-a558-99c4845b90bb
|t 0
|
| 952 |
f |
f |
|p ric
|a Texas A&M University
|b Rellis Campus
|c Joint Library Facility
|d Remote Storage
|t 0
|e TN24.C2 A3 no.130
|h Library of Congress classification
|i unmediated -- volume
|m A14805562779
|
| 998 |
f |
f |
|a TN24.C2 A3 no.130
|t 0
|l Remote Storage
|